| 000 | 00372nam a22001457a 4500 | ||
|---|---|---|---|
| 008 | 240226b |||||||| |||| 00| 0 eng d | ||
| 020 | _a9781450414883 | ||
| 082 | _a796.32 | ||
| 100 | _aWissel, Hal | ||
| 245 |
_aBasketball: _bSteps to Success. |
||
| 250 | _a3rd ed. | ||
| 260 |
_aUSA: _bHuman Kinetics; _c2012. |
||
| 300 |
_aiv, 355 p. _bColour illus. _c28 cm |
||
| 942 | _2ddc | ||
| 999 |
_c9781 _d9782 |
||